书目信息 |
| 题名: |
运动稳定性与航天控制
|
|
| 作者: | 宋申民 编著 | |
| 分册: | ||
| 出版信息: | 北京 科学出版社 2014.06 |
|
| 页数: | 468页 | |
| 开本: | 24cm | |
| 丛书名: | ||
| 单 册: | ||
| 中图分类: | O317 , V448.2 | |
| 科图分类: | ||
| 主题词: | 运动稳定性理论--应用--航天器--飞行控制 | |
| 电子资源: | ||
| ISBN: | 978-7-03-041086-3 | |
| 000 | 01092nam0 2200253 450 | |
| 001 | 3140 | |
| 001 | 01CN10062451@CSLN | |
| 005 | 20161208081911.96 | |
| 010 | @a978-7-03-041086-3@dCNY118.00 | |
| 100 | @a20140807d2014 em y0chiy50 ea | |
| 101 | 0 | @achi |
| 102 | @aCN@b110000 | |
| 105 | @aa z 000yy | |
| 200 | 1 | @a运动稳定性与航天控制@9yun dong wen ding xing yu hang tian kong zhi@f宋申民编著 |
| 210 | @a北京@c科学出版社@d2014.06 | |
| 215 | @a468页@c图@d24cm | |
| 330 | @a本书从基本概念入手,由浅入深、渐进而系统地阐述了运动稳定性的基本理论和近代发展的成果,总结了作者在航天控制中的应用成果。是作者在为哈尔滨工业大学航天学院为控制科学与工程以及宇航科学与技术等相关类专业研究生讲授稳定性理论课程的基础上,结合作者近几年的研究成果编写而成的 | |
| 333 | @a控制科学与工程学科、宇航科学与技术、力学、应用数学等相关学科研究生和高年级本科生,相关专业的工程技术人员 | |
| 606 | 0 | @a运动稳定性理论@x应用@x航天器@x飞行控制 |
| 690 | @aO317@v4 | |
| 690 | @aV448.2@v4 | |
| 701 | 0 | @a宋申民@9song shen min@4编著 |
| 801 | 0 | @aCN@b大连网信软件有限公司图书馆·11@c20161208 |
| 905 | @aZUCC@dO317@e14 | |
| 运动稳定性与航天控制/宋申民编著.-北京:科学出版社,2014.06 |
| 468页:图;24cm |
| 使用对象:控制科学与工程学科、宇航科学与技术、力学、应用数学等相关学科研究生和高年级本科生,相关专业的工程技术人员 |
| ISBN 978-7-03-041086-3:CNY118.00 |
| 本书从基本概念入手,由浅入深、渐进而系统地阐述了运动稳定性的基本理论和近代发展的成果,总结了作者在航天控制中的应用成果。是作者在为哈尔滨工业大学航天学院为控制科学与工程以及宇航科学与技术等相关类专业研究生讲授稳定性理论课程的基础上,结合作者近几年的研究成果编写而成的 |
| ● |
| 相关链接 |
|
|
|
|
正题名:运动稳定性与航天控制
索取号:O317/14
 
预约/预借
| 序号 | 登录号 | 条形码 | 馆藏地/架位号 | 状态 | 备注 |
| 1 | 912056 | 209120565 | 第二样本阅览室/ [索取号:O317/14] | 在馆 | |
| 2 | 912057 | 209120574 | 第三借阅区/ [索取号:O317/14] | 在馆 | |
| 3 | 912058 | 209120583 | 第三借阅区/ [索取号:O317/14] | 在馆 |